00662nam a22001937a 45000010005000000030009000050050017000140080041000310400038000720820020001101000028001302450135001582500012002932600041003053000024003466500038003707000028004087000032004369458BD-DhUAP20200205124557.0200205s2007 bg b 000 0 eng d aBD-DhUAPbEngcBD-DhUAPdBD-DhUAP00223a343.052 MAH aMahmud, Monjur Morshed. aIncome tax : bincluding gift tax & value added tax /cMonjur Morshed Mahmud, Kanchan Kumar Purohit and Milan Kumar Bhattacharjee. a4th ed. aDhaka :bPadma prokashoni,c2007.  a420 pages ;c24 cm. 0aIncome tax vLaw and legislation. aPurohit, Kanchan Kumar. aBhattacharjee, Milan Kumar